000 00422 a2200169 4500
001 12574
020 _a9788571961319
040 _cAnchieta - Aquarius
100 _aLyra, Itaberaba
240 1 0 _a!Já dizia minha avó
_lpor
245 1 0 _a!Já dizia minha avó
300 _a393
362 0 _a2010
440 1 _aAssembléia Legislativa do Estado da Bahia
650 4 _aFolclore / Adivinhações / Lendas
942 _cBK
999 _c12574
_d12574